000 00981nas a2200325 4500
001 BR0104549
003 BR-BrBNA
005 20231205102542.0
007 ta
008 230509b bl.|||p| |||| 00| 00por d
040 _aBR-BrBNA
_bpor
_cBiblioteca Nacional de Agricultura
041 _a(Pt)
072 _aF08; H60
100 1 _aArgenta, G.
100 1 _aSilva, P.R.F. da
100 1 _aFleck, N.G.
100 1 _aBortolini, C.G.
100 1 _aNeves, R.
100 1 _aAgostinetto, D.
245 1 _aEfeitos do manejo mecanico e quimico da aveia-preta no milho em sucessao e no controle do capim-papua
650 _aAveia Forrageira
650 _aMilho
650 _aPapua
650 _aConsorciacao de Cultura
650 _aControle Mecanico
650 _aControle Quimico
773 0 _tPesquisa Agropecuaria Brasileira (Brazil)
_xISSN 0100-204X
_g(Jun 2001), v. 36(6) p. 851-860
_wBR0104549
909 _a202311
_bLúcia
_c55
_dLúcia Elande
942 _2AGRIS
_n0
_cANA
999 _c168129
_d168129